An introduction to the study of map projection / (Record no. 181364)
[ view plain ]
| 000 -LEADER | |
|---|---|
| fixed length control field | 00625 a2200169 4500 |
| 003 - CONTROL NUMBER IDENTIFIER | |
| control field | Nust |
| 005 - DATE AND TIME OF LATEST TRANSACTION | |
| control field | 20221125092003.0 |
| 040 ## - CATALOGING SOURCE | |
| Transcribing agency | Nust |
| 082 ## - DEWEY DECIMAL CLASSIFICATION NUMBER | |
| Classification number | 526.21,KRA |
| 100 ## - MAIN ENTRY--PERSONAL NAME | |
| Personal name | Mainwaring, James. |
| 9 (RLIN) | 103548 |
| 245 ## - TITLE STATEMENT | |
| Title | An introduction to the study of map projection / |
| Statement of responsibility, etc. | James Mainwaring |
| 260 ## - PUBLICATION, DISTRIBUTION, ETC. | |
| Place of publication, distribution, etc. | London, |
| Name of publisher, distributor, etc. | Macmillan, |
| Date of publication, distribution, etc. | 1942. |
| 300 ## - PHYSICAL DESCRIPTION | |
| Extent | viii, 113 p. |
| Other physical details | diagrs. 23 cm. |
| 505 ## - FORMATTED CONTENTS NOTE | |
| Formatted contents note | Section One The Problem of Map Projections (Page-2), Section Two The Process of Map Projection (Page-25), Sections Three The Projections Applied (Page-91). |
| 650 ## - SUBJECT ADDED ENTRY--TOPICAL TERM | |
| Topical term or geographic name entry element | study of map projection, |
| 9 (RLIN) | 103549 |
| 942 ## - ADDED ENTRY ELEMENTS (KOHA) | |
| Source of classification or shelving scheme | |
| Koha item type | Book |
| Call number prefix | 526.8,MAI |
| Withdrawn status | Lost status | Source of classification or shelving scheme | Damaged status | Not for loan | Permanent Location | Current Location | Shelving location | Date acquired | Full call number | Barcode | Date last seen | Price effective from | Koha item type | Public note |
|---|---|---|---|---|---|---|---|---|---|---|---|---|---|---|
| Military College of Signals (MCS) | Military College of Signals (MCS) | General Stacks | 12/12/2016 | 526.8,MAI | MCS29168 | 12/08/2016 | 12/12/2016 | Book | Almirah No. 15 Shelf No. 1 |
